000
00314nam a22001457a 4500
008
221024b ||||| |||| 00| 0 eng d
020
_a
0966038908
041
_a
eng
080
_a
94
082
_a
94
100
_a
29
101
_a
HIS
245
_a
A BRIEF HISTORY OF WOUND HEALING
_c
COHEN K
942
_2
udc
_c
BK
999
_c
58652
_d
58652